000 01526cam a2200145 4500500
005 20260405085550.0
041 _afre
042 _adc
100 1 0 _aCrettiez, Xavier
_eauthor
700 1 0 _aDuclos, Nathalie
_eauthor
245 0 0 _aLes violences politiques : Débats, diversité, dynamiques
260 _bArmand Colin,
_c2021.
520 _aGuerres, attentats, violences de masse, mouvements de révolte sociale... l’actualité nationale et internationale est fortement marquée par des manifestations de violences politiques, parfois extrêmes, dans un contexte de transformations profondes de l’ordre mondial. Pour comprendre ces phénomènes et les mettre à distance, cet ouvrage propose une grille de lecture des violences politiques en convoquant les apports de la sociologie politique, de l’anthropologie, de l’histoire, des relations internationales et de la psychologie sociale. Il repose sur trois ambitions. La première est académique et cherche à identifier les grands débats théoriques sur le déclenchement et l’irruption des violences politiques. La deuxième est descriptive, passant en revue la variété des formes de la violence, allant du terrorisme à la guerre en passant par les révoltes de rue ou les massacres collectifs. La dernière est analytique et interroge les logiques de l’engagement individuel et collectif ainsi que celles de la sortie de la violence.
856 4 1 _uhttps://shs.cairn.info/violences-politiques--9782200616878?lang=fr&redirect-ssocas=7080
999 _c2198579
_d2198579